[Event "HUN-chT2 Barcza 0607"]
[Site "Hungary"]
[Date "2007.02.18"]
[Round "5"]
[White "Bunda, Viktor"]
[Black "Dani, Peter"]
[Result "1-0"]
[WhiteElo "2149"]
[BlackElo "2175"]
[PlyCount "69"]
[EventDate "2006.11.12"]
[EventType "team"]
[EventRounds "11"]
[EventCountry "HUN"]
[SourceTitle "EXT 2008"]
[Source "ChessBase"]
[SourceDate "2007.11.25"]
[SourceVersion "1"]
[SourceVersionDate "2007.11.25"]
[SourceQuality "1"]
[WhiteTeam "Munkacs"]
[BlackTeam "Lokomotiv"]
[WhiteTeamCountry "HUN"]
[BlackTeamCountry "HUN"]

1. e4 d6 2. d4 Nf6 3. Nc3 c6 4. f4 Qa5 5. Bd3 e5 6. Nf3 Bg4 7. Be3 Nbd7 8. 0-0 Be7 9. h3 Bxf3 10. Qxf3 a6 11. Ne2 h5 12. c3 Rg8 13. b4 Qc7 14. dxe5 dxe5 15. f5 c5 16. a3 c4 17. Bc2 0-0-0 18. Bg5 Qb6+ 19. Be3 Qc7 20. Bg5 Qb6+ 21. Kh1 g6 22. Ng3 Rde8 23. Ba4 Ng4 24. Bxd7+ Kxd7 25. f6 Bd8 26. Rad1+ Kc6 27. Qe2 Qb5 28. Rd5 Bb6 29. Rxb5 axb5 30. hxg4 hxg4 31. Be3 Rh8+ 32. Kg1 Rh7 33. Bxb6 Kxb6 34. Qe3+ Ka6 35. Rd1 1-0

[Event "HUN-chT2 Barcza 0506"]
[Site "Hungary"]
[Date "2005.11.13"]
[Round "3"]
[White "Feher, Tamas"]
[Black "Dani, Peter"]
[Result "1/2-1/2"]
[WhiteElo "2273"]
[BlackElo "2189"]
[PlyCount "36"]
[EventDate "2005.10.16"]
[EventType "team"]
[EventRounds "11"]
[EventCountry "HUN"]
[SourceTitle "EXT 2009"]
[Source "ChessBase"]
[SourceDate "2008.11.26"]
[SourceVersion "1"]
[SourceVersionDate "2008.11.26"]
[SourceQuality "1"]
[WhiteTeam "Piremon II"]
[BlackTeam "Lokomotiv"]
[WhiteTeamCountry "HUN"]
[BlackTeamCountry "HUN"]

1. Nf3 d6 2. g3 g6 3. Bg2 Bg7 4. 0-0 e5 5. d3 c6 6. c4 Ne7 7. Nc3 0-0 8. d4 Nd7 9. dxe5 dxe5 10. Qc2 Qc7 11. b3 Nc5 12. b4 Ne6 13. e3 b6 14. Bb2 Bb7 15. Rfd1 Rad8 16. a4 a5 17. bxa5 bxa5 18. Ne4 c5 1/2-1/2

[Event "HUN-chT2 Barcza 0405"]
[Site "Hungary"]
[Date "2005.04.10"]
[Round "10"]
[White "Dani, Peter"]
[Black "Ballai, Zsolt"]
[Result "1/2-1/2"]
[WhiteElo "2168"]
[BlackElo "2318"]
[PlyCount "69"]
[EventDate "2004.09.26"]
[EventType "team"]
[EventRounds "11"]
[EventCountry "HUN"]
[SourceTitle "EXT 2009"]
[Source "ChessBase"]
[SourceDate "2008.11.26"]
[SourceVersion "1"]
[SourceVersionDate "2008.11.26"]
[SourceQuality "1"]
[WhiteTeam "Nadudvar"]
[BlackTeam "Hajduboszormeny II"]
[WhiteTeamCountry "HUN"]
[BlackTeamCountry "HUN"]

1. e4 c5 2. Nf3 d6 3. d4 cxd4 4. Nxd4 Nf6 5. Nc3 a6 6. Bg5 e6 7. f4 Qb6 8. f5 Qxb2 9. Na4 Qb4+ 10. c3 Qa5 11. Bxf6 gxf6 12. fxe6 fxe6 13. Qb3 Nc6 14. Nxc6 bxc6 15. Be2 Ra7 16. 0-0 Rb7 17. Qc2 Be7 18. Kh1 0-0 19. c4 Qe5 20. c5 dxc5 21. Bxa6 Rb4 22. Bc4 Rd8 23. a3 Rb7 24. Rae1 Rd4 25. Rf5 Rxc4 26. Qxc4 Qd4 27. Qxd4 cxd4 28. Ra5 Kg7 29. Nc5 Rb5 30. Rxb5 cxb5 31. Rc1 e5 32. Kg1 Kf7 33. Kf2 Bd6 34. Kf3 f5 35. g3 1/2-1/2